Loading...

Negotiation closing deals, setting disputes and making team decision

Bibliografiske detaljer
Hovedforfatter: Hames, David S
Format: Printed Book
Sprog:English
Udgivet: California Sage Publications, inc 2012
Fag:
LEADER 00711 a2200217 4500
005 20151026133229.0
008 130406b xxu||||| |||| 00| 0 eng d
020 |a 9781412973991 
080 |a 316.485.6  |b HAM 
100 |a Hames, David S 
245 |a Negotiation  |b closing deals, setting disputes and making team decision 
260 |b Sage Publications, inc  |c 2012  |a California 
300 |a xxi, 497p. 
653 |a Negotiation 
653 |a Persuasion - psychology 
653 |a Communication 
653 |a Decision making 
653 |a Ethics 
942 |c BK  |6 _ 
999 |c 65830  |d 65830 
952 |0 0  |1 0  |2 udc  |4 0  |6 3164856_HAM  |7 0  |9 78184  |a UL  |b UL  |d 2012-12-31  |g 0.00  |o 316.485.6 HAM  |p 00068249  |r 2012-12-31  |v 0.00  |w 2012-12-31  |y BK